[Event "Festiwal Szachowy "Przy szachownicy" A"]
[Site "Krakow"]
[Date "2010.06.25"]
[Round "1"]
[White "Wozniak, Maciej"]
[Black "Mikrut, Dariusz"]
[Result "1/2-1/2"]
[WhiteElo "2165"]
[BlackElo "2400"]
[PlyCount "24"]
[EventDate "2010.06.25"]
[EventType "tourn"]
[EventRounds "9"]
[EventCountry "POL"]

1. e4 c5 2. Nf3 Nc6 3. d4 cxd4 4. Nxd4 Nf6 5. Nc3 e6 6. Ndb5 Bb4 7. a3 Bxc3+ 8.
Nxc3 d5 9. exd5 exd5 10. Bd3 O-O 11. O-O h6 12. Bf4 d4 1/2-1/2

[Event "Festiwal Szachowy "Przy szachownicy" A"]
[Site "Krakow"]
[Date "2010.06.25"]
[Round "1"]
[White "Szczechowicz, Bartosz"]
[Black "Barski, Radoslaw"]
[Result "1/2-1/2"]
[WhiteElo "2276"]
[BlackElo "2245"]
[PlyCount "34"]
[EventDate "2010.06.25"]
[EventType "tourn"]
[EventRounds "9"]
[EventCountry "POL"]

1. d4 Nf6 2. c4 g6 3. Nc3 d5 4. cxd5 Nxd5 5. Bd2 Bg7 6. e4 Nb6 7. Be3 O-O 8. h3
Nc6 9. Nf3 f5 10. exf5 Bxf5 11. Be2 a5 12. O-O a4 13. a3 Be6 14. Qc2 Bf5 15.
Qd1 Be6 16. Qc2 Bf5 17. Qd1 Be6 1/2-1/2

[Event "Festiwal Szachowy "Przy szachownicy" A"]
[Site "Krakow"]
[Date "2010.06.25"]
[Round "1"]
[White "Swiech, Przemyslaw"]
[Black "Brzeski, Maciej"]
[Result "1-0"]
[WhiteElo "2169"]
[BlackElo "2336"]
[PlyCount "69"]
[EventDate "2010.06.25"]
[EventType "tourn"]
[EventRounds "9"]
[EventCountry "POL"]

1. d4 c5 2. d5 Nf6 3. c4 b5 4. Nd2 bxc4 5. e4 c3 6. bxc3 d6 7. Bd3 g6 8. Ngf3
Bg7 9. Rb1 O-O 10. h3 Nbd7 11. Qc2 Nb6 12. a4 a5 13. Bb5 e6 14. dxe6 Bxe6 15.
O-O d5 16. Ng5 Bc8 17. e5 Nfd7 18. Ndf3 Nxe5 19. Nxe5 Bxe5 20. f4 Bf6 21. g4
Bb7 22. Bd3 c4 23. Qf2 Ra6 24. Be2 d4 25. Ba3 d3 26. Bf3 Bxf3 27. Qxf3 Be7 28.
Qb7 Bxa3 29. Qxa6 Bc5+ 30. Kh2 Qe8 31. Qxa5 Qe3 32. Rbe1 Qd2+ 33. Kh1 Rc8 34.
Qa7 Rf8 35. Re8 1-0

[Event "Festiwal Szachowy "Przy szachownicy" A"]
[Site "Krakow"]
[Date "2010.06.25"]
[Round "1"]
[White "Gosciniak, Maria"]
[Black "Szuper, Paul"]
[Result "1/2-1/2"]
[WhiteElo "2133"]
[BlackElo "2190"]
[PlyCount "114"]
[EventDate "2010.06.25"]
[EventType "tourn"]
[EventRounds "9"]
[EventCountry "POL"]

1. e4 e5 2. Nf3 Nc6 3. d4 exd4 4. Nxd4 Nf6 5. Nc3 Bb4 6. Nxc6 bxc6 7. Bd3 d5 8.
exd5 cxd5 9. O-O O-O 10. Bg5 c6 11. Qf3 Bd6 12. h3 Rb8 13. Na4 h6 14. Bxf6 Qxf6
15. Qxf6 gxf6 16. c4 Ba6 17. Rfd1 Be5 18. cxd5 Bxd3 19. Rxd3 Rb4 20. Nc5 Rxb2
21. Nd7 Rc8 22. Nxe5 fxe5 23. d6 f6 24. Rc1 Rb6 25. Ra3 a6 26. Rac3 c5 27. d7
Rd8 28. Rxc5 Rxd7 29. Rc8+ Kf7 30. Rh8 Kg7 31. Rcc8 Rd1+ 32. Kh2 Rd2 33. Rcf8
Rxf2 34. Rhg8+ Kh7 35. h4 h5 36. Rh8+ Kg6 37. Rfg8+ Kf7 38. Rf8+ Ke6 39. Rxh5
Rbb2 40. Rg8 Rxa2 41. Rh7 a5 42. h5 Rf5 43. Rg3 e4 44. h6 Rh5+ 45. Rh3 Rxh3+
46. Kxh3 Ra1 47. Kg3 Rh1 48. Kf4 Rh4+ 49. Ke3 Kf5 50. Ra7 Kg6 51. Rxa5 f5 52.
g3 Rxh6 53. Kf4 Rh5 54. Ra6+ Kf7 55. g4 fxg4 56. Kxg4 Rh1 57. Kf4 Re1 1/2-1/2

[Event "Festiwal Szachowy "Przy szachownicy" A"]
[Site "?"]
[Date "2010.06.25"]
[Round "1"]
[White "Kuziola, Mateusz"]
[Black "Bukojemski, Adam"]
[Result "1-0"]
[WhiteElo "2336"]
[BlackElo "2223"]
[PlyCount "113"]

1. e4 e6 2. d3 d5 3. Nd2 Nf6 4. Ngf3 c5 5. g3 Nc6 6. Bg2 b5 7. O-O Be7 8. Re1
O-O 9. e5 Nd7 10. Nf1 a5 11. h4 a4 12. N1h2 b4 13. h5 f5 14. exf6 Bxf6 15. Rb1
Nde5 16. Bf4 Nxf3+ 17. Nxf3 a3 18. b3 Bc3 19. Bd2 Qf6 20. Qe2 Ra7 21. Qe3 Bxd2
22. Qxd2 Raf7 23. Re2 Qh6 24. Qxh6 gxh6 25. Ne1 Nd4 26. Rd2 Rg7 27. Rc1 Nb5 28.
Nf3 Rf5 29. d4 Nc3 30. Ra1 Ne4 31. Re2 Rxh5 32. dxc5 Nxc5 33. Ne5 Rhg5 34. Rd1
h5 35. Rd4 Rb7 36. Kh2 Rb5 37. Re3 Nd7 38. Nd3 Rg4 39. f4 h4 40. gxh4 Rxh4+ 41.
Kg3 Rh6 42. Nxb4 Nf6 43. Bf3 Rb7 44. Re5 Rg7+ 45. Rg5 Rxg5+ 46. fxg5 Rg6 47.
Kh4 Nd7 48. c4 h6 49. gxh6 Ne5 50. Bh5 Rg2 51. cxd5 Rh2+ 52. Kg5 exd5 53. Rxd5
Rg2+ 54. Kf4 Nd7 55. Bg4 Rxg4+ 56. Kxg4 Nf6+ 57. Kf4 1-0

[Event "Festiwal Szachowy "Przy szachownicy" A"]
[Site "?"]
[Date "2010.06.26"]
[Round "2"]
[White "Mikrut, Dariusz"]
[Black "Szczechowicz, Bartosz"]
[Result "1/2-1/2"]
[WhiteElo "2400"]
[BlackElo "2276"]
[PlyCount "69"]

1. e4 c6 2. d4 d5 3. exd5 cxd5 4. c4 Nf6 5. Nc3 e6 6. Nf3 Bb4 7. Bd3 O-O 8. O-O
dxc4 9. Bxc4 a6 10. Qe2 b5 11. Bb3 Bb7 12. Bg5 Be7 13. Rad1 Ra7 14. Rfe1 Nd5
15. Bc1 Nxc3 16. bxc3 Bd5 17. Bc2 Nc6 18. a4 Rb7 19. axb5 axb5 20. Qd3 f5 21.
Bf4 Bf6 22. Rb1 Na5 23. Rxb5 Be4 24. Qe2 Rxb5 25. Bxe4 fxe4 26. Qxb5 exf3 27.
Ra1 Bxd4 28. cxd4 Rxf4 29. Qxa5 Qxa5 30. Rxa5 Rg4 31. Ra3 fxg2 32. Rd3 Kf7 33.
d5 exd5 34. Rxd5 Kf6 35. h3 1/2-1/2

[Event "Festiwal Szachowy "Przy szachownicy" A"]
[Site "?"]
[Date "2010.06.26"]
[Round "2"]
[White "Brzeski, Maciej"]
[Black "Wozniak, Maciej"]
[Result "1-0"]
[WhiteElo "2336"]
[BlackElo "2165"]
[PlyCount "47"]

1. e4 c5 2. Ne2 d6 3. g3 g6 4. Bg2 Bg7 5. c3 e5 (5... Nf6) 6. d4 Nc6 7. Be3
exd4 8. cxd4 Qb6 9. Nbc3 cxd4 10. Nd5 Qa5+ 11. Bd2 Qd8 12. Rc1 (12. O-O Nf6 (
12... Be6 13. Nef4 (13. Qb3 Qd7 14. Nef4 Nge7 15. Nxe6 fxe6 16. Bh3) (13. Qa4))
13. Bg5 O-O (13... h6 14. Nxf6+ Bxf6 15. Bxf6 Qxf6 16. Qd2 Be6 17. Rfd1) (13...
Be6) 14. Nxd4) 12... Nf6 13. O-O Nd7 (13... Nxd5 14. exd5 Ne7 15. Nxd4 O-O 16.
Bc3 Bd7) 14. b4 O-O 15. b5 Nce5 16. Nxd4 Nc5 17. Bc3 Bg4 18. f3 Bd7 19. h3 Ned3
(19... f5 20. f4 Nf7) 20. Rc2 a6 21. f4 axb5 22. Rd2 b4 23. Ba1 Ba4 (23... b3
24. Nxb3 Nxb3 25. Qxb3 Nc5) 24. Qb1 1-0

[Event "Festiwal Szachowy "Przy szachownicy" A"]
[Site "?"]
[Date "2010.06.26"]
[Round "2"]
[White "Szuper, Paul"]
[Black "Barski, Radoslaw"]
[Result "0-1"]
[WhiteElo "2190"]
[BlackElo "2245"]
[PlyCount "104"]

1. d4 Nf6 2. Nf3 c5 3. d5 b5 4. c4 g6 5. cxb5 a6 6. b6 d6 7. Nc3 Nbd7 8. e4 Bg7
9. a4 a5 10. Bb5 O-O 11. O-O Nxb6 12. Re1 e5 13. Nd2 Bd7 14. Be2 Ne8 15. Nf1 f5
16. exf5 gxf5 17. Ng3 Nf6 18. Bg5 Qe8 19. Nh5 Qg6 20. Nxg7 Qxg5 21. Ne6 Bxe6
22. dxe6 d5 23. Bb5 d4 24. Nb1 e4 25. Ra3 f4 26. e7 Rf7 27. Rxe4 Nxe4 28. e8=Q+
Rxe8 29. Bxe8 Rf8 30. Bb5 Qg6 31. Be2 Rd8 32. Rd3 Nd5 33. Bh5 Qf5 34. Bg4 Qe5
35. Rh3 c4 36. Rh5 Qf6 37. Rf5 Qb6 38. Re5 Nxf2 39. Kxf2 d3+ 40. Kf3 Ne3 41.
Qc1 Qc6+ 42. Kxf4 Qf6+ 43. Kxe3 Qxe5+ 44. Kf2 Qd4+ 45. Kg3 d2 46. Nxd2 Qe3+ 47.
Bf3 Qg5+ 48. Kh3 Rd4 49. g4 Qh6+ 50. Kg3 Qf4+ 51. Kh3 Rxd2 52. Bd5+ Kf8 0-1

[Event "Festiwal Szachowy "Przy szachownicy" A"]
[Site "?"]
[Date "2010.06.26"]
[Round "2"]
[White "Gosciniak, Maria"]
[Black "Kuziola, Mateusz"]
[Result "0-1"]
[WhiteElo "2133"]
[BlackElo "2336"]
[PlyCount "111"]

1. e4 c5 2. Nf3 Nc6 3. d4 cxd4 4. Nxd4 e5 5. Nb5 d6 6. N1c3 a6 7. Na3 b5 8. Nd5
Nf6 9. Bg5 Be7 10. Bxf6 Bxf6 11. c3 Bg5 12. Nc2 Rb8 13. Ncb4 Nxb4 14. Nxb4 Bb7
15. a4 Qd7 16. axb5 axb5 17. Bd3 O-O 18. O-O Rfc8 19. Qe2 Rc5 20. Ra5 Bc8 21.
Rfa1 Bd8 22. Ra7 Qe8 23. Ra8 (23. Na6 Bxa6 24. R1xa6 b4 25. Bc4) 23... Rxa8 24.
Rxa8 Qd7 25. Nd5 Qb7 26. Ra3 Bd7 27. h3 g6 28. Rb3 Qa6 29. Nb4 Qb7 30. Nc2 Ba5
31. Na3 b4 32. cxb4 Rc1+ 33. Kh2 Bb6 34. Rc3 Ra1 35. Bc4 (35. Nc4 Bd4 36. Rc2)
35... Kg7 36. Bd5 Qb8 37. Rf3 f6 38. Bb3 (38. Nc4 Bd4 39. Rxf6 Kxf6 40. Qf3+
Bf5) 38... Rc1 39. Nc2 Rb1 40. Qc4 Qe8 41. Qc3 Bc6 42. Qd3 Qd7 43. Nd4 Bxd4 44.
Qxb1 Qb7 45. Bc2 Qxb4 46. Rb3 (46. Qc1 Bxb2 47. Qe3 Bd4 48. Qe2) 46... Qd2 47.
f3 d5 48. Rb8 f5 49. Qd1 Qf4+ 50. Kh1 dxe4 51. fxe4 fxe4 52. Rc8 Qf6 53. Rc7+
Kh6 54. Bb3 e3 55. Rf7 Qg5 56. Qe2 0-1

[Event "Festiwal Szachowy "Przy szachownicy" A"]
[Site "?"]
[Date "2010.06.26"]
[Round "2"]
[White "Bukojemski, Adam"]
[Black "Swiech, Przemyslaw"]
[Result "1-0"]
[WhiteElo "2223"]
[BlackElo "2169"]
[PlyCount "77"]

1. e4 c5 2. Nf3 Nc6 3. d4 cxd4 4. Nxd4 Nf6 5. Nc3 e5 6. Ndb5 d6 7. Bg5 a6 8.
Na3 b5 9. Nd5 Be7 10. Bxf6 Bxf6 11. c3 Ne7 12. Nxf6+ gxf6 13. Nc2 f5 14. exf5
Bxf5 15. a4 O-O 16. Ne3 Be6 17. axb5 axb5 18. Rxa8 Qxa8 19. Bxb5 d5 20. O-O f5
21. Qa4 f4 22. Nc2 Qd8 23. Qa6 Bc8 24. Qh6 Ng6 25. Rd1 Bg4 26. Ra1 Qb6 27. c4
d4 28. h3 d3 29. Nb4 Bf5 30. Nc6 d2 31. Ne7+ Kf7 32. Nxf5 Kf6 33. g4 Rf7 34.
Rd1 Qa5 35. Be8 Ra7 36. Kh2 e4 37. Bxg6 hxg6 38. Qh8+ Kg5 39. Qh4# 1-0

[Event "Festiwal Szachowy "Przy szachownicy" A"]
[Site "?"]
[Date "2010.06.26"]
[Round "4"]
[White "Szczechowicz, Bartosz"]
[Black "Brzeski, Maciej"]
[Result "1/2-1/2"]
[WhiteElo "2276"]
[BlackElo "2336"]
[PlyCount "61"]

1. d4 Nf6 2. c4 c5 3. d5 e6 4. Nc3 exd5 5. cxd5 d6 6. e4 g6 7. Bd3 Bg7 8. h3
O-O 9. Nf3 b5 10. Bxb5 Nxe4 11. Nxe4 Qa5+ 12. Nfd2 Qxb5 13. Nxd6 Qa6 14. N2c4
Nd7 15. O-O Nb6 16. Nxb6 Qxb6 17. Nxc8 Raxc8 18. Rb1 Rfd8 19. Bf4 Qb7 20. d6
Bf8 21. Qd3 Rc6 22. Rfd1 Bxd6 23. Bxd6 Qd7 24. Qa3 Rxd6 25. Rxd6 Qxd6 26. Qxa7
Re8 27. Qa3 Re2 28. Qc3 Qb6 29. Qc4 Rxb2 30. Rxb2 Qxb2 31. Qxc5 1/2-1/2

[Event "Festiwal Szachowy "Przy szachownicy" A"]
[Site "?"]
[Date "2010.06.26"]
[Round "3"]
[White "Barski, Radoslaw"]
[Black "Mikrut, Dariusz"]
[Result "1/2-1/2"]
[WhiteElo "2245"]
[BlackElo "2400"]
[PlyCount "28"]

1. e4 c5 2. Nf3 d6 3. d4 cxd4 4. Qxd4 Bd7 5. c4 Nc6 6. Qd2 g6 7. Nc3 Bg7 8. b3
Bg4 9. Be2 Nf6 10. Bb2 O-O 11. O-O Nd7 12. h3 Bxf3 13. Bxf3 Nd4 14. Bd1 Nc6
1/2-1/2

[Event "Festiwal Szachowy "Przy szachownicy" A"]
[Site "?"]
[Date "2010.06.26"]
[Round "3"]
[White "Wozniak, Maciej"]
[Black "Bukojemski, Adam"]
[Result "1-0"]
[WhiteElo "2165"]
[BlackElo "2223"]
[PlyCount "85"]

1. e4 c5 2. Nf3 e6 3. d4 cxd4 4. Nxd4 Nf6 5. Nc3 a6 6. e5 Ng8 7. Bd3 Bc5 8. Nb3
Bb4 9. Qg4 Bxc3+ 10. bxc3 Ne7 11. Qxg7 Rg8 12. Qxh7 Nbc6 13. Ba3 Nxe5 14. O-O-O
N5g6 15. h4 Qc7 16. h5 Qf4+ 17. Kb2 Nf8 18. Qe4 Qxe4 19. Bxe4 d5 20. Bf3 Bd7
21. c4 dxc4 22. Na5 Bc6 23. Bxc6+ bxc6 24. Bxe7 Kxe7 25. Nxc6+ Kf6 26. g3 Rg5
27. Kc3 Rc8 28. Rd6 Nh7 29. Rh4 Rc7 30. Rf4+ Kg7 31. Rxc4 Rxh5 32. Nb4 Rxc4+
33. Kxc4 a5 34. Nd3 Nf6 35. Rc6 Ne4 36. Kd4 Nd2 37. Rc5 Rh8 38. Ke3 Nb1 39.
Rxa5 Nc3 40. Kd4 Rc8 41. Rc5 Rxc5 42. Kxc5 Nxa2 43. Kc4 1-0

[Event "Festiwal Szachowy "Przy szachownicy" A"]
[Site "?"]
[Date "2010.06.26"]
[Round "3"]
[White "Kuziola, Mateusz"]
[Black "Szuper, Paul"]
[Result "1-0"]
[WhiteElo "2336"]
[BlackElo "2190"]
[PlyCount "85"]

1. e4 c6 2. Nc3 d5 3. Nf3 g6 4. d4 Bg7 5. h3 Nf6 6. Bd3 O-O 7. O-O Nbd7 8. Qe2
Nb6 9. Re1 e6 10. e5 Nfd7 11. Bg5 Qe8 12. Nh2 f6 13. exf6 Nxf6 14. Nf3 Nh5 15.
Qe3 Qf7 16. Ne2 c5 17. c3 c4 18. Bc2 Bd7 19. Bh6 Bxh6 20. Qxh6 Qg7 21. Qe3 Rae8
22. Rf1 Bc6 23. Ne5 Nd7 24. f4 Qe7 25. g4 Ng7 26. Rae1 Qh4 27. Kh2 Qd8 28. Ng3
Qc7 29. Re2 b5 30. Qd2 a5 31. Bb1 Rf6 32. h4 b4 33. Qc2 Bb5 34. Qd2 Rb8 35. h5
gxh5 36. Qc2 Rh6 37. g5 b3 38. Qd2 h4 39. gxh6 hxg3+ 40. Kg2 Nf5 41. Bxf5 exf5
42. Nxd7 Qxd7 43. a3 1-0

[Event "Festiwal Szachowy "Przy szachownicy" A"]
[Site "?"]
[Date "2010.06.26"]
[Round "3"]
[White "Swiech, Przemyslaw"]
[Black "Gosciniak, Maria"]
[Result "1-0"]
[WhiteElo "2169"]
[BlackElo "2133"]
[PlyCount "159"]

1. d4 f5 2. c4 Nf6 3. Nc3 e6 4. Nf3 Bb4 5. Qc2 O-O 6. Bf4 d6 7. e3 b6 8. Be2
Bb7 9. O-O Bxc3 10. Qxc3 Ne4 11. Qc2 Nd7 12. b4 Qe8 13. c5 Ndf6 14. cxd6 cxd6
15. Rac1 Nd5 16. Qb2 Nxf4 17. exf4 Nf6 18. Rfe1 Nd5 19. Qd2 b5 20. Bd3 h6 21.
g3 a6 22. Nh4 Qf7 23. Ng2 Rae8 24. a4 bxa4 25. Ra1 Nb6 26. Ne3 Qd7 27. Qe2 Qc6
28. f3 Qxf3 29. Qxf3 Bxf3 30. Bxa6 Rb8 31. Nc2 Be4 32. Na3 Nd5 33. b5 Nc7 34.
Nc4 Rfd8 35. Rxa4 Nxb5 36. Bxb5 Rxb5 37. Ra6 Rd5 38. Nb6 Rxd4 39. Rc1 Rd2 40.
Rc7 Rg2+ 41. Kf1 Rc2 42. Rxc2 Bxc2 43. Ke2 Kf7 44. Ra7+ Kf6 45. h4 h5 46. Ke3
Be4 47. Ra6 e5 48. Nc4 exf4+ 49. Kxf4 Ke6 50. Rb6 g6 51. Ne5 Kf6 52. Ra6 Bd5
53. Rb6 Be6 54. Nf3 Ke7 55. Kg5 Bf7 56. Nd4 Rd7 57. Rb1 d5 58. Rb6 Rc7 59. Nc6+
Kd6 60. Nd8+ Ke5 61. Nc6+ Ke4 62. Rb4+ Ke3 63. Rb3+ Kd2 64. Ne5 Kc2 65. Rf3 Be8
66. Rf2+ Kc3 67. Rf1 Kd4 68. Kf4 Rc3 69. Ra1 Rc2 70. Ra8 Bc6 71. Rc8 Rf2+ 72.
Nf3+ Kc5 73. Ke3 Rc2 74. Rxc6+ Kxc6 75. Nd4+ Kd6 76. Nxc2 Ke5 77. Nd4 Kf6 78.
Kf4 Kg7 79. Ke5 Kh6 80. Ne6 1-0

[Event "Festiwal Szachowy "Przy szachownicy" A"]
[Site "?"]
[Date "2010.06.27"]
[Round "4"]
[White "Kuziola, Mateusz"]
[Black "Swiech, Przemyslaw"]
[Result "1/2-1/2"]
[WhiteElo "2336"]
[BlackElo "2169"]
[PlyCount "27"]

1. e4 c5 2. g3 Nc6 3. Bg2 g6 4. d3 Bg7 5. f4 d6 6. Nf3 Nf6 7. O-O O-O 8. Nc3
Rb8 9. a4 a6 10. h3 b5 11. axb5 axb5 12. Be3 b4 13. Ne2 Bb7 14. g4 1/2-1/2

[Event "Festiwal Szachowy "Przy szachownicy" A"]
[Site "?"]
[Date "2010.06.27"]
[Round "4"]
[White "Szuper, Paul"]
[Black "Mikrut, Dariusz"]
[Result "1/2-1/2"]
[WhiteElo "2190"]
[BlackElo "2400"]
[PlyCount "100"]

1. d4 Nf6 2. Nf3 g6 3. c4 Bg7 4. Nc3 d5 5. e3 O-O 6. b4 b6 7. Bb2 Ba6 8. b5 Bb7
9. cxd5 Nxd5 10. Bc4 Nxc3 11. Bxc3 c5 12. bxc6 Nxc6 13. O-O Rc8 14. Rc1 e6 15.
Qb3 Na5 16. Bxa5 Bxf3 17. gxf3 Qg5+ 18. Kh1 Qxa5 19. d5 exd5 20. Bxd5 Rc3 21.
Rxc3 Qxc3 22. Qxc3 Bxc3 23. Rd1 Rc8 24. Bb3 Rc7 25. Kg2 Kf8 26. f4 Ke7 27. Kf3
b5 28. Rd5 a6 29. f5 g5 30. Kg4 f6 31. h4 h6 32. Rd1 Rd7 33. Rxd7+ Kxd7 34.
hxg5 hxg5 35. f4 gxf4 36. Kxf4 Kd6 37. Ke4 Kc5 38. Kd3 Kb4 39. Kc2 Be5 40. Be6
Ka3 41. Bf7 a5 42. Be6 a4 43. Bf7 Kb4 44. Be6 Kc5 45. Bd7 Kb4 46. Be6 Ka5 47.
Bd5 b4 48. Bc6 b3+ 49. axb3 a3 50. Kb1 Kb4 1/2-1/2

[Event "Festiwal Szachowy "Przy szachownicy" A"]
[Site "?"]
[Date "2010.06.27"]
[Round "4"]
[White "Gosciniak, Maria"]
[Black "Wozniak, Maciej"]
[Result "0-1"]
[WhiteElo "2133"]
[BlackElo "2165"]
[PlyCount "88"]

1. e4 c5 2. Nf3 d6 3. d4 cxd4 4. Nxd4 Nf6 5. Nc3 g6 6. Be2 Bg7 7. O-O Nc6 8.
Nb3 O-O 9. Bg5 a6 10. f4 b5 11. Bf3 Bb7 12. Kh1 b4 13. Nd5 Nxd5 14. exd5 Na7
15. Rb1 Re8 16. Rf2 h6 17. Bh4 Qb6 18. Rd2 Nb5 19. Bf2 Qc7 20. Qg1 Rac8 21. Bb6
Qd7 22. Na5 Ba8 23. Qd1 Qf5 24. Bg4 Qxf4 25. Bxc8 Be5 26. Bg1 Rxc8 27. a4 Nc7
28. Nc6 Nxd5 29. Nxe5 Qxe5 30. Bd4 Qg5 31. Kg1 Nf4 32. Be3 Nh3+ 33. Kf1 Qxe3
34. gxh3 Rc4 35. Qe1 Rf4+ 36. Rf2 Qxh3+ 37. Ke2 Re4+ 38. Kd2 Rxe1 39. Rxe1 e5
40. Rf6 Qd7 41. h4 Kg7 42. Ref1 Qe7 43. R6f2 f5 44. h5 Qg5+ 0-1

[Event "Festiwal Szachowy "Przy szachownicy" A"]
[Site "?"]
[Date "2010.06.27"]
[Round "4"]
[White "Bukojemski, Adam"]
[Black "Szczechowicz, Bartosz"]
[Result "1-0"]
[WhiteElo "2223"]
[BlackElo "2276"]
[PlyCount "95"]

1. d4 Nf6 2. c4 e6 3. Nc3 Bb4 4. Nf3 c5 5. g3 O-O 6. Bg2 cxd4 7. Nxd4 a6 8. O-O
Qc7 9. Na4 d6 10. a3 Bc5 11. b4 Ba7 12. Bb2 e5 13. Nf3 Nc6 14. Rc1 Bg4 15. h3
Bxf3 16. Bxf3 Bd4 17. Nc3 Qd7 18. Bg2 Rac8 19. e3 Bxc3 20. Rxc3 Rfd8 21. Rd3
Qe6 22. g4 h6 23. Qb3 Rd7 24. Rfd1 Ne7 25. f4 exf4 26. exf4 Qxc4 27. Qxc4 Rxc4
28. Rxd6 Rxd6 29. Rxd6 Nc6 30. Bxf6 gxf6 31. Rxf6 Kg7 32. Rxf7+ Kxf7 33. Bd5+
Kf6 34. Bxc4 Nd4 35. a4 Nc2 36. b5 axb5 37. Bxb5 Nd4 38. Kf2 b6 39. Ke3 Ne6 40.
h4 Nc7 41. Bc4 Ne8 42. g5+ hxg5 43. hxg5+ Kf5 44. Bd3+ Ke6 45. Kd4 Nc7 46. f5+
Kd6 47. Be4 Ne8 48. f6 1-0

[Event "Festiwal Szachowy "Przy szachownicy" A"]
[Site "?"]
[Date "2010.06.27"]
[Round "4"]
[White "Brzeski, Maciej"]
[Black "Barski, Radoslaw"]
[Result "1-0"]
[WhiteElo "2336"]
[BlackElo "2245"]
[PlyCount "113"]

1. e4 c5 2. Nc3 Nc6 3. Bb5 Nd4 4. Bc4 g6 5. Nf3 Bg7 6. Nxd4 cxd4 7. Qf3 Nh6 8.
Ne2 O-O 9. d3 Ng4 10. Qg3 d6 11. Bb3 e5 12. O-O Kh8 13. h3 Nh6 14. f4 f5 15.
fxe5 dxe5 16. Bxh6 Bxh6 17. Qxe5+ Bg7 18. Qd5 Qg5 19. Kh1 Rd8 20. Qc5 b6 21.
Qc7 Bd7 22. exf5 gxf5 23. Qf4 Qf6 24. Ng3 Qg6 25. Nxf5 Rf8 26. Ne7 Qh5 27. Bf7
Qh6 28. Qg3 Qe3 29. Qh4 Qh6 30. Qxh6 Bxh6 31. Rae1 Kg7 32. Bh5 Bd2 33. Rd1 Bg5
34. Nd5 Rac8 35. c4 b5 36. b3 Bf5 37. Rxf5 Rxf5 38. Bg4 Rxd5 39. Bxc8 Re5 40.
Bg4 b4 41. Rf1 Be3 42. Rf5 Rxf5 43. Bxf5 h6 44. g3 Kf6 45. Bc8 Ke5 46. Kg2 Bg5
47. Kf3 Be7 48. Kg4 Bd6 49. Bb7 Kf6 50. Bd5 h5+ 51. Kxh5 Bxg3 52. c5 Ke5 53.
Kg4 Be1 54. c6 Kd6 55. h4 Ke7 56. h5 Bd2 57. Kf5 1-0

[Event "Festiwal Szachowy "Przy szachownicy" A"]
[Site "?"]
[Date "2010.06.27"]
[Round "5"]
[White "Mikrut, Dariusz"]
[Black "Brzeski, Maciej"]
[Result "1/2-1/2"]
[WhiteElo "2400"]
[BlackElo "2336"]
[PlyCount "100"]

1. d4 Nf6 2. c4 c5 3. d5 e6 4. Nc3 exd5 5. cxd5 d6 6. e4 g6 7. Bd3 Bg7 8. h3
O-O 9. Nf3 b5 10. Nxb5 Re8 11. O-O Nxe4 12. Qa4 Bd7 13. Re1 a6 14. Rxe4 Bxb5
15. Bxb5 Rxe4 16. Qxe4 axb5 17. Bg5 Qf8 18. Be7 Qe8 19. Re1 Nd7 20. Bxd6 Qxe4
21. Rxe4 Bxb2 22. Re7 Nf6 23. Bxc5 Nxd5 24. Rb7 b4 25. Ng5 f6 26. Ne6 Re8 27.
Rg7+ Kh8 28. Rd7 Rxe6 29. Rxd5 Bc3 30. Rd7 Kg8 31. Ra7 Re5 32. Be3 Rb5 33. g4
h5 34. Kg2 hxg4 35. hxg4 b3 36. axb3 Rxb3 37. Rd7 Be5 38. Kf3 f5 39. gxf5 gxf5
40. Rd5 f4 41. Rxe5 fxe3 42. fxe3 Kf7 43. Kf4 Rb4+ 44. Kf5 Rb6 45. Rc5 Rf6+ 46.
Ke4 Re6+ 47. Kd4 Rd6+ 48. Rd5 Ke6 49. Rxd6+ Kxd6 50. Ke4 Ke6 1/2-1/2

[Event "Festiwal Szachowy "Przy szachownicy" A"]
[Site "?"]
[Date "2010.06.27"]
[Round "5"]
[White "Barski, Radoslaw"]
[Black "Bukojemski, Adam"]
[Result "0-1"]
[WhiteElo "2245"]
[BlackElo "2223"]
[PlyCount "52"]

1. e4 c5 2. Nf3 d6 3. d4 cxd4 4. Nxd4 Nf6 5. Nc3 a6 6. Be2 e5 7. Nb3 Be6 8. f4
d5 9. f5 Bc8 10. exd5 Bxf5 11. O-O Bg6 12. Bg5 Nbd7 13. Kh1 Qc7 14. a4 Bb4 15.
Bd2 Qd6 16. Bf3 O-O 17. Qe1 Bxc2 18. Bd1 Bg6 19. Ne4 Bxe4 20. Bxb4 Qxd5 21. Rf2
Rfe8 22. Na5 Nc5 23. Rd2 Nd3 24. Qh4 Bg6 25. Ra3 e4 26. Bb3 Qf5 0-1

[Event "Festiwal Szachowy "Przy szachownicy" A"]
[Site "?"]
[Date "2010.06.27"]
[Round "5"]
[White "Szczechowicz, Bartosz"]
[Black "Gosciniak, Maria"]
[Result "1-0"]
[WhiteElo "2276"]
[BlackElo "2133"]
[PlyCount "55"]

1. d4 f5 2. g3 Nf6 3. Bg2 e6 4. Nh3 Be7 5. O-O O-O 6. c4 d6 7. Nc3 Qe8 8. b3 e5
9. Bb2 Nc6 10. Nb5 Bd8 11. dxe5 dxe5 12. Ba3 Rf7 13. Ng5 Rd7 14. Qc1 Be7 15. c5
a6 16. Qc4+ Kh8 17. Nf7+ Qxf7 18. Qxf7 axb5 19. Bxc6 bxc6 20. Qe6 Rxa3 21. Qxc6
b4 22. Qb5 Ra8 23. Rfd1 Rxd1+ 24. Rxd1 h6 25. Qxb4 Kh7 26. a4 Ba6 27. Qa5 c6
28. Qc7 1-0

[Event "Festiwal Szachowy "Przy szachownicy" B"]
[Site "Krakow"]
[Date "2010.06.27"]
[Round "5"]
[White "Swiech, Przemyslaw"]
[Black "Szuper, Paul"]
[Result "0-1"]
[WhiteElo "2169"]
[BlackElo "2190"]
[PlyCount "102"]
[EventDate "2010.06.25"]
[EventType "tourn"]
[EventRounds "9"]
[EventCountry "POL"]

1. d4 e6 2. c4 b6 3. Nc3 Bb7 4. a3 Nf6 5. Bg5 d5 6. Nf3 Be7 7. e3 O-O 8. Bd3
Nbd7 9. O-O Ne4 10. Bf4 Nxc3 11. bxc3 dxc4 12. Bxc4 Nf6 13. Bd3 c5 14. a4 Nd5
15. Be5 Nxc3 16. Qc2 Nd5 17. Bxh7+ Kh8 18. Be4 Ba6 19. Rfd1 c4 20. Bxd5 exd5
21. e4 Bb7 22. exd5 Qxd5 23. Re1 f6 24. Bf4 Bb4 25. Re3 Rfe8 26. Nh4 Qxd4 27.
Rb1 Be4 28. Qe2 Bxb1 29. Rxe8+ Rxe8 30. Qxe8+ Kh7 31. Qh5+ Kg8 32. Be3 Bg6 33.
Qh8+ Kxh8 34. Nxg6+ Kh7 35. Bxd4 Kxg6 36. Kf1 Kf5 37. Ke2 Ke4 38. Bb2 c3 39.
Bc1 Kd4 40. h4 Kc4 41. g4 Kb3 42. Kd3 Kxa4 43. f4 Kb3 44. f5 a5 45. g5 fxg5 46.
Bxg5 a4 47. h5 a3 48. f6 gxf6 49. h6 Bf8 50. Bxf6 Bxh6 51. Bxc3 Bc1 0-1

[Event "Festiwal Szachowy"]
[Site "?"]
[Date "2010.06.29"]
[Round "7"]
[White "Mikrut, Dariusz"]
[Black "Gosciniak, Maria"]
[Result "0-1"]
[WhiteElo "2400"]
[BlackElo "2133"]
[PlyCount "24"]
[EventDate "2010.06.26"]
[SourceDate "2010.06.29"]

1. d4 f5 2. Bg5 Nf6 3. Bxf6 exf6 4. e3 d5 5. Bd3 Be6 6. Qf3 Qd7 7. Nd2 Nc6 8.
a3 O-O-O 9. Ne2 g5 10. g3 Kb8 11. c4 $4 {Rytualne harakiri - sepuku!} dxc4 12.
Bxc4 (12. Bc2 Bd5 13. e4 fxe4 14. Bxe4 Bxe4 15. Qxe4 Re8 16. Qf3) 12... Ne5 $1
0-1

[Event "Festiwal Szachowy"]
[Site "?"]
[Date "2010.06.29"]
[Round "7"]
[White "Wozniak, Maciej"]
[Black "Szuper, Paul"]
[Result "1/2-1/2"]
[WhiteElo "2165"]
[BlackElo "2190"]
[PlyCount "57"]
[EventDate "2010.06.26"]
[SourceDate "2010.06.29"]

1. e4 e5 2. f4 exf4 3. Bc4 Nf6 4. Nc3 c6 5. d4 d5 6. exd5 cxd5 7. Bb3 Bd6 8.
Nf3 O-O 9. O-O Be6 10. Ne5 Bxe5 11. dxe5 Qb6+ 12. Kh1 Ng4 13. Qe2 d4 14. Nd5
Bxd5 15. Bxd5 Ne3 16. Bxe3 dxe3 17. Rxf4 Nc6 18. c4 Nxe5 19. Re4 Nc6 20. Rf1
Nb4 21. Rxe3 Nxd5 22. cxd5 Rfd8 23. Rd1 h6 24. Re5 Rd6 25. h3 Rf6 26. Rd2 Qc7
27. Re7 Qb6 28. Kh2 Qb4 29. Qe3 1/2-1/2

[Event "Festiwal Szachowy "Przy szachownicy" A"]
[Site "?"]
[Date "2010.06.29"]
[Round "7"]
[White "Brzeski, Maciej"]
[Black "Bukojemski, Adam"]
[Result "1-0"]
[WhiteElo "2336"]
[BlackElo "2223"]
[PlyCount "79"]

1. e4 c5 2. Ne2 Nc6 3. d4 cxd4 4. Nxd4 e6 5. Nc3 a6 6. Nxc6 dxc6 7. Qxd8+ Kxd8
8. Bf4 b5 9. a4 Bb7 10. Rd1+ Kc8 11. Be2 Bb4 12. O-O Nf6 13. f3 Rd8 14. Na2
Bc5+ 15. Kh1 Rd7 16. Nc1 Kd8 17. Nb3 Bb6 18. a5 Ba7 19. Bd6 Rc8 20. Bc5 Bxc5
21. Nxc5 Kc7 22. Nxd7 Nxd7 23. c4 b4 24. c5 Nxc5 25. Rd4 e5 26. Rxb4 f6 27. Rc1
Ne6 28. Rb6 Ra8 29. Kg1 Nd4 30. Kf2 Bc8 31. g3 g5 32. h4 h6 33. hxg5 hxg5 34.
Rh1 Kd6 35. Rh6 Ke6 36. Bf1 Ke7 37. Rh8 g4 38. fxg4 Kd6 39. g5 fxg5 40. Bh3 1-0